Shared decision making in antidepressant use among patients with major depressive disorder : tool adaptation and implementation /
Saved in:
| Main Author: | |
|---|---|
| Format: | Thesis |
| Language: | English |
| Published: |
Kuala Lumpur :
Faculty of Medicine, University of Malaya,
2020
|
| Subjects: | |
| Tags: |
Add Tag
No Tags, Be the first to tag this record!
|
| LEADER | 013010000a22002890004500 | ||
|---|---|---|---|
| 008 | 201222s2020 my f m 000 0 eng d | ||
| 040 | |a UIAM |b eng |e rda | ||
| 050 | 0 | |a RM332 | |
| 100 | 0 | |a Syahrir bin Zaini, |e author | |
| 245 | 1 | 0 | |a Shared decision making in antidepressant use among patients with major depressive disorder : |b tool adaptation and implementation / |c Shahrir bin Zaini |
| 264 | 1 | |a Kuala Lumpur : |b Faculty of Medicine, University of Malaya, |c 2020 | |
| 300 | |a xix, 192 leaves ; |c 30 cm. | ||
| 336 | |2 rdacontent |a text | ||
| 337 | |2 rdamedia |a unmediated | ||
| 338 | |2 rdacarrier |a volume | ||
| 500 | |a Abstracts in English and Malay. | ||
| 500 | |a "A thesis submitted in fulfilment of the requirements for the degree of Doctor of Philosophy."--On title page. | ||
| 502 | |a Thesis (Ph.D)--University of Malaya, 2020. | ||
| 504 | |a Includes bibliographical references (leaves 141-172). | ||
| 596 | |a 6 | ||
| 650 | 0 | |a Antidepressants | |
| 650 | 0 | |a Patient-centered health care | |
| 655 | 7 | |a Theses, IIUM foreign | |
| 710 | 2 | |a Universiti Malaya. |b Fakulti Perubatan, |e degree granting institution | |
| 900 | |a sm-nhe-ajt | ||
| 999 | |c 441744 |d 470915 | ||
| 952 | |0 0 |6 T RM 000332 S981S 2020 |7 0 |8 THESES |9 762122 |a KIMC |b KIMC |c CLOSEACCES |g 0.00 |o t RM 332 S981S 2020 |p 11100415429 |r 1900-01-02 |t 1 |v 0.00 |y THESIS | ||
